Inorganic chemistry (Record no. 48)
[ view plain ]
| 000 -LEADER | |
|---|---|
| fixed length control field | 00409 a2200169 4500 |
| 001 - CONTROL NUMBER | |
| control field | 001686 |
| 003 - CONTROL NUMBER IDENTIFIER | |
| control field | OSt |
| 005 - DATE AND TIME OF LATEST TRANSACTION | |
| control field | 20211203103213.0 |
| 008 - FIXED-LENGTH DATA ELEMENTS--GENERAL INFORMATION | |
| fixed length control field | |
| 082 ## - DEWEY DECIMAL CLASSIFICATION NUMBER | |
| Classification number | 546 |
| Item number | S24I |
| 100 1# - MAIN ENTRY--PERSONAL NAME | |
| Personal name | Sharpe, A. G. |
| 245 1# - TITLE STATEMENT | |
| Title | Inorganic chemistry |
| Statement of responsibility, etc | by A. G. Sharpe |
| 260 ## - PUBLICATION, DISTRIBUTION, ETC. (IMPRINT) | |
| Place of publication, distribution, etc | New Delhi |
| Name of publisher, distributor, etc | Pearson Education |
| Date of publication, distribution, etc | 2010 |
| 300 ## - PHYSICAL DESCRIPTION | |
| Extent | 702p. |
| 653 ## - INDEX TERM--UNCONTROLLED | |
| Uncontrolled term | Chemistry, Inorganic |
| 942 ## - ADDED ENTRY ELEMENTS (KOHA) | |
| Source of classification or shelving scheme | Dewey Decimal Classification |
| Koha item type | Books |
| Withdrawn status | Lost status | Source of classification or shelving scheme | Damaged status | Not for loan | Collection code | Home library | Current library | Date acquired | Source of acquisition | Cost, normal purchase price | Full call number | Barcode | Date last seen | Price effective from | Koha item type |
|---|---|---|---|---|---|---|---|---|---|---|---|---|---|---|---|
| Dewey Decimal Classification | General Text Book | Central University Of Rajasthan | Central University Of Rajasthan | 28/09/2010 | CHM | 450.00 | 546 S24I | 1678 | 21/11/2024 | 02/09/2020 | Books |
